1050 1446 1346 1079 1310 1081 1663 1697 1056 1799 1837 1191 1748 1354 1846 1982 1004 1418 1542 1042 1827 1332 1240 1154 1801 1829 1381 1438 1404 1695 1202 1146 1104 1558 1061 1499 1724 1378 1860 1260 1487 1299 1108 1998 1530 1762 1369 1940 1473 1120 1097 1423 1449 1786 1334 1971 1134 1689 1007 1756 1378 1269 1426 1220 1706 1434 1959 1625 1658 1718 1457 1813 1958 1836 1186 1502 1108 1310 1979 1434 1871 1488 1724 1236 1525 1373 1642 1574 1687 1564 1000 1437 1837 1645 1278 1500 1947 1978 1101 BCNSPRNW ULIB Ver.6.0+V

เปลี่ยนเป็นภาษาไทย

Change to English
 แสดงรายละเอียดบรรณานุกรม
  กลับหน้าหลัก

Brief Record : Get Marc (ISO 2709) : E-mail record : QR code < ปิดหน้าต่าง
LEADER : 00000nam 2200000uu 4500
001    13399115056
003     ULIB
008    120706s2551||||th 000 0 tha d
020    ^a9789748314471
060 04 ^aWB537^bล145ก 2551
100 1  ^aบาหร์, แฟรงค์
245 10 ^aกดจุดหยุดโรค /^cแฟรงค์ บาหร์, เขียน ; ลลิดา อาชานานุภาพ,
260    ^aกรุงเทพฯ :^bหมอชาวบ้าน,^c2551
300    ^a243 หน้า :^bภาพประกอบ,^c21 ซม.
500    ^aSend to Single Search
650  4 ^aการนวด
650  4 ^aกายภาพบำบัด
650  4 ^aกายวิภาคมนุษย์
700    ^aลลิดา อาชานานุภาพ,^eผู้แปล
700 0  ^aสุรเกียรติ อาชานานุภาพ,^eผู้แปล
945    ^p120^l0^i15565
945    ^p120^l0^i15563
945    ^p120^l0^i15564
945    ^p120^l0^i15083
995    ^aกัณชพร
999 ^a ใช้งานได้ทุกระบบ
รายการนี้ยังไม่มีแท็ก
คุณยังไม่ได้ล็อกอิน คุณสามารถมีกิจกรรมร่วมกับเว็บไซต์ได้ แต่ต้องล็อกอินก่อน ::
  ล็อกอิน

รายการสื่อสารสนเทศ

ลำดับที่ ประเภท เลขเรียก/บาร์โค้ด สถานที่ สถานะ
1. วิทยาศาสตร์การแพทย์ และสุขภาพ
วิทยาศาสตร์การแพทย์ และสุขภาพ
WB537 ล145ก 2551  
  Barcode: 15565
ห้องสมุดวิทยาเขตสวรรค์ประชารักษ์
►ส่วนจัดเก็บหนังสือเก่า สปร
บนชั้น
  ขอยืม
2. วิทยาศาสตร์การแพทย์ และสุขภาพ
วิทยาศาสตร์การแพทย์ และสุขภาพ
WB537 ล145ก 2551 ฉ.2 
  Barcode: 15563
ห้องสมุดวิทยาเขตสวรรค์ประชารักษ์
►ส่วนจัดเก็บหนังสือเก่า สปร
บนชั้น
  ขอยืม
3. วิทยาศาสตร์การแพทย์ และสุขภาพ
วิทยาศาสตร์การแพทย์ และสุขภาพ
WB537 ล145ก 2551 ฉ.3 
  Barcode: 15564
ห้องสมุดวิทยาเขตสวรรค์ประชารักษ์
►ส่วนจัดเก็บหนังสือเก่า สปร
บนชั้น
  ขอยืม
4. วิทยาศาสตร์การแพทย์ และสุขภาพ
วิทยาศาสตร์การแพทย์ และสุขภาพ
WB537 ล145ก 2551 ฉ.4 
  Barcode: 15083
ห้องสมุดวิทยาเขตสวรรค์ประชารักษ์
►ส่วนจัดเก็บหนังสือเก่า สปร
บนชั้น
  ขอยืม

รายการใกล้เคียง
    หัวเรื่อง [การนวด]
    หัวเรื่อง [กายภาพบำบัด]

BibComment


ยังไม่เคยถูกคอมเมนท์

คอมเมนท์ทรัพยากรรายการนี้
  คอมเมนท์: กดจุดหยุดโรค แฟ..


 Copyright 2026. Bcnsprnw @Library